[Event "Liga CS Zapad 2017"]
[Site "?"]
[Date "2017.10.13"]
[Round "7.5"]
[White "Nikolic, Matija**"]
[Black "Jovic, Branko*"]
[Result "0-1"]
[WhiteElo "1564"]
[BlackElo "2013"]
[PlyCount "83"]
[EventDate "2017.09.03"]

1. d4 Nf6 2. c4 e6 3. Nc3 Bb4 4. a3 Bxc3+ 5. bxc3 O-O 6. e3 b6 7. Bd3 Bb7 8.
Nf3 d5 9. cxd5 exd5 10. O-O Nbd7 11. Qc2 c5 12. Ne5 Re8 13. f4 c4 14. Bf5 Nf8
15. Rf3 Bc8 16. g4 g6 17. Bxc8 Rxc8 18. f5 g5 19. Qg2 Ne4 20. Rh3 f6 21. Nf3
Rc7 22. Rh6 Rg7 23. h4 Qe7 24. hxg5 Nxg5 25. Nxg5 Rxg5 26. Qxd5+ Kh8 27. Qf3
Kg7 28. Rh5 Qe4 29. Rxg5+ fxg5 30. f6+ Kf7 31. Qxe4 Rxe4 32. Ra2 Rxg4+ 33. Rg2
Rxg2+ 34. Kxg2 Kxf6 35. e4 h5 36. Kg3 Ne6 37. e5+ Kf5 38. d5 Nc7 39. d6 Ne6 40.
a4 Kxe5 41. Ba3 Nd8 42. Bb4 0-1

[Event "Liga CS Zapad 2017"]
[Site "?"]
[Date "2017.10.13"]
[Round "7.6"]
[White "Colovic, Zoran"]
[Black "Stojic, Slavko"]
[Result "1-0"]
[WhiteElo "2109"]
[BlackElo "2043"]
[PlyCount "75"]
[EventDate "2017.09.03"]

1. e4 d6 2. d4 Nf6 3. Nc3 g6 4. Nf3 Bg7 5. Be2 O-O 6. O-O c6 7. h3 h6 8. Be3
Qc7 9. Qd2 Kh7 10. Rad1 Nbd7 11. g4 Rh8 12. Nh4 e5 13. f4 exf4 14. Bxf4 g5 15.
Bxg5 hxg5 16. Qxg5 Kg8 17. Nf5 Rh7 18. Bc4 Kf8 19. Nxg7 Rxg7 20. Qh6 d5 21.
exd5 Qg3+ 22. Kh1 Ke7 23. Rd3 Nxg4 24. Rxg3 Nxh6 25. Rxg7 Nf6 26. dxc6 bxc6 27.
Rg3 Nh5 28. Rg5 Nf6 29. Re5+ Be6 30. Bxe6 fxe6 31. Rfe1 Rd8 32. Rxe6+ Kf7 33.
Rxc6 Rxd4 34. Rf1 Nhg8 35. Ra6 Kg7 36. Kg2 Nh5 37. Ra5 Rh4 38. Ra4 1-0

[Event "Liga CS Zapad 2017"]
[Site "?"]
[Date "2017.10.13"]
[Round "7.6"]
[White "Vilotijevic, Milovan"]
[Black "Ostojic, Nikola M"]
[Result "1/2-1/2"]
[WhiteElo "2044"]
[BlackElo "2041"]
[PlyCount "74"]
[EventDate "2017.09.03"]

1. e4 c5 2. Nf3 d6 3. d4 cxd4 4. Nxd4 Nf6 5. Nc3 a6 6. Be3 e6 7. f3 b5 8. a3
Bb7 9. Qd2 Nbd7 10. O-O-O d5 11. exd5 Nxd5 12. Nxd5 Bxd5 13. Be2 Ne5 14. f4 Nc4
15. Bxc4 Bxc4 16. Kb1 Qc7 17. Qc3 Rc8 18. f5 e5 19. Nf3 f6 20. Nd2 Bd5 21. Qxc7
Rxc7 22. Rhg1 Bc5 23. Bxc5 Rxc5 24. g4 Rc7 25. g5 Kf7 26. Rg3 Rhc8 27. c3 Rd7
28. Kc1 a5 29. gxf6 Kxf6 30. Rdg1 b4 31. axb4 axb4 32. Rd3 bxc3 33. Ne4+ Kxf5
34. Nxc3 Ke6 35. Rgd1 Bc6 36. Rxd7 Bxd7 37. Kd2 Bc6 1/2-1/2

[Event "Liga CS Zapad 2017"]
[Site "?"]
[Date "2017.10.13"]
[Round "7.6"]
[White "Vujovic, Dragisa"]
[Black "Lazovic, Milanko"]
[Result "0-1"]
[WhiteElo "1954"]
[BlackElo "1979"]
[PlyCount "87"]
[EventDate "2017.09.03"]

1. e4 c5 2. Nf3 d6 3. c4 Nc6 4. Nc3 Nf6 5. d3 Bg4 6. h3 Bxf3 7. Qxf3 Nd4 8. Qd1
e6 9. Bg5 Be7 10. Be2 h6 11. Be3 Nc6 12. O-O Nd7 13. Rc1 Bf6 14. Re1 Bd4 15.
Bf1 a6 16. Bxd4 Nxd4 17. Ne2 Nxe2+ 18. Qxe2 Ne5 19. f4 Nc6 20. Qg4 O-O 21. f5
e5 22. Re3 Kh8 23. Rg3 Qf6 24. Re1 Nd4 25. Be2 b5 26. b3 bxc4 27. dxc4 a5 28.
Bd1 Rg8 29. Qh5 Kh7 30. Rf1 Ra7 31. Kh2 Nc6 32. Rf2 Qd8 33. f6 g6 34. Qg4 Nd4
35. Rd3 Ne6 36. g3 Re8 37. h4 h5 38. Qh3 Rg8 39. Rf5 gxf5 40. Qxf5+ Rg6 41.
Bxh5 Qxf6 42. Bxg6+ Qxg6 43. Rxd6 Qxf5 44. exf5 0-1

[Event "Liga CS Zapad 2017"]
[Site "?"]
[Date "2017.10.13"]
[Round "7.6"]
[White "Dabic, Miroslav"]
[Black "Vojinovic, Miroljub"]
[Result "1/2-1/2"]
[WhiteElo "1981"]
[BlackElo "1969"]
[PlyCount "55"]
[EventDate "2017.09.03"]

1. e4 c5 2. Nf3 Nc6 3. Bb5 d6 4. O-O Bd7 5. c3 a6 6. Bxc6 Bxc6 7. Re1 g6 8. d4
Bg7 9. d5 Bd7 10. e5 dxe5 11. Nxe5 Nf6 12. d6 e6 13. Bg5 h6 14. Bxf6 Bxf6 15.
Nd2 O-O 16. Ndc4 Rb8 17. a4 b6 18. a5 Bxe5 19. Rxe5 f6 20. Re3 bxa5 21. Rxa5
Bb5 22. Qg4 Kg7 23. b4 cxb4 24. cxb4 Bxc4 25. Qxc4 Qxd6 26. Rxe6 Qxb4 27. Qxb4
Rxb4 28. g3 1/2-1/2

[Event "Liga CS Zapad 2017"]
[Site "?"]
[Date "2017.10.13"]
[Round "7.6"]
[White "Radovanovic, Miroljub B"]
[Black "Djenic, Teodor"]
[Result "1-0"]
[WhiteElo "1858"]
[BlackElo "1756"]
[PlyCount "81"]
[EventDate "2017.09.03"]

1. e4 e5 2. Nf3 Nc6 3. Bc4 d6 4. d4 Be7 5. d5 Na5 6. Bd3 b6 7. b4 Nb7 8. Be3 a5
9. c3 axb4 10. cxb4 Nf6 11. h3 Bd7 12. b5 Nc5 13. Bxc5 bxc5 14. Qc2 Nh5 15. a4
Nf4 16. Bf1 f5 17. g3 fxe4 18. Qxe4 Nh5 19. Bd3 Nf6 20. Qc4 O-O 21. Nbd2 Qe8
22. Ng5 e4 23. Ngxe4 Qf7 24. Ng5 Qxd5 25. Qxd5+ Nxd5 26. Bc4 c6 27. Nge4 Bf6
28. Nxf6+ Rxf6 29. O-O Kh8 30. Ne4 Rg6 31. Rfd1 Nb6 32. Bf7 Rh6 33. a5 Nc8 34.
b6 Rb8 35. Nxc5 Bxh3 36. Re1 Nxb6 37. axb6 Rf6 38. Be6 dxc5 39. Bxh3 Rf7 40.
Ra7 Kg8 41. Be6 1-0